000 00254nam a2200097Ia 4500
001 1042447
005 20250826232101.0
008 250824s9999 xx 000 0 und d
245 0 _aTARİHE TANIKLIĞIM
_cALİYA İZZETBEGOVİÇ
260 _bKETEBE YAYINLARI
999 _c1042447
_d1042447